| 000 | 00812nam a2200205 u 4500 | ||
|---|---|---|---|
| 001 | 000337309 | ||
| 003 | AM-YeHGA | ||
| 005 | 20250617130935.0 | ||
| 008 | 040524s2004 ||| r 000 0 rus d | ||
| 020 | _a5942800472 | ||
| 040 | _aAM-YeHGA | ||
| 041 | 0 | _arus | |
| 100 | 1 | _aПопова, О.В. | |
| 245 | 1 | 0 |
_aКоллективный договор, положения об оплате труда и о премировании : _b[Практич. пособие] / _cО.В. Попова. |
| 260 |
_aМосква : _bАльфа-Пресс, _c2004. |
||
| 300 |
_a192 с. _bтабл. |
||
| 653 | 0 | _aТруд - Права человека | |
| 653 | 0 | _aЭкономика предприятий - Оплата труда, премирования - Трудовой распорядок | |
| 090 | _c128648 | ||
| 999 |
_c127285 _d127285 |
||